| 000 | 00754pam a2200265 i 4500 | ||
|---|---|---|---|
| 001 | 8322 | ||
| 003 | BD-RjUL | ||
| 005 | 20211208234550.0 | ||
| 008 | 791011q20012000ii a b 001 0 eng | ||
| 020 | _a8185015538 | ||
| 035 | _a(BD-RjUL)8367 | ||
| 040 |
_aDLC _cDLC _dDLC _dBD-RjUL _beng |
||
| 041 | _aeng | ||
| 082 | 0 | 0 |
_a531 _bGOC 2001 |
| 100 | 1 |
_aGoldstein, Herbert, _d1922-2005. _925938 |
|
| 245 | 1 | 0 |
_aClassical mechanics / _cHerbert Goldstein. |
| 250 | _a2d ed. | ||
| 260 |
_aNew Delhi : _bNarosa Publishing, _cc2000 [Reprinted 2001]. |
||
| 300 |
_axviii, 684 p. : _bill. ; _c24 cm. |
||
| 500 | _aIncludes indexes. | ||
| 504 | _aBibliography: p. 621-630. | ||
| 650 | 0 |
_aMechanics, Analytic. _921040 |
|
| 942 |
_2ddc _cBK |
||
| 999 |
_c8322 _d8322 |
||